South Carolina General Knowledge - Statistics

General Stats
  • This quiz has been taken 205 times
  • The average score is 9 of 15
Answer Stats
Hint Answer % Correct
Capital city where USC is Columbia
93%
Famous historic coastal town Charleston
92%
Popular touristy town known for its beach Myrtle Beach
88%
Popular football school, Tigers Clemson
87%
Island known for golf courses and lighthouses Hilton Head
85%
Nickname: The ________ State Palmetto
85%
First battle in the Civil War Fort Sumter
82%
City with the largest BMW plant in America Spartanburg
59%
Former president from the Waxhaws area Andrew Jackson
58%
Famous country singer from Charleston Darius Rucker
48%
Business HQed in the above city Dennys
39%
River running through downtown Greenville Reedy
38%
Hardwood forest national park in Hopkins Congaree
34%
Muslim actor and comedian from Columbia Aziz Ansari
19%
Highest point in South Carolina Sassafras
19%
No matching quizzes found
Score Distribution
Percent of People with Each Score
Percentile by Number Answered
Your Score History
You have not taken this quiz